Подробности
| 000 -МАРКЕР |
| контрольное поле |
02815nam0a22004451 4500 |
| 001 - ИДЕНТИФИКАТОР ЗАПИСИ |
| контрольное поле |
v19\rc\1816990 |
| 005 - ИДЕНТИФИКАТОР ВЕРСИИ |
| контрольное поле |
20260503060425.0 |
| 035 ## - ДРУГИЕ СИСТЕМНЫЕ НОМЕРА |
| Идентификатор записи |
(NLR Aleph) 004915605 |
| 100 ## - ДАННЫЕ ОБЩЕЙ ОБРАБОТКИ |
| Данные общей обработки |
20071224d1907 |||y0rusy50 ca |
| 101 0# - ЯЗЫК РЕСУРСА |
| Язык текста, звукозаписи и т.д. |
русский |
| 102 ## - СТРАНА ПУБЛИКАЦИИ ИЛИ ПРОИЗВОДСТВА |
| Страна публикации |
Российская Федерация |
| 105 ## - ПОЛЕ КОДИРОВАННЫХ ДАННЫХ: ТЕКСТОВЫЕ МАТЕРИАЛЫ, МОНОГРАФИЧЕСКИЕ |
| Кодированные данные о монографическом текстовом документе |
ab z |||z| |
| 200 1# - ЗАГЛАВИЕ И СВЕДЕНИЯ ОБ ОТВЕТСТВЕННОСТИ |
| Основное заглавие |
Исследования над составом и жизнью планктона Баренцева моря |
| Первые сведения об ответственности |
А.К. Линко |
| Последующие сведения об ответственности |
Ком. для помощи поморам Русского Севера |
| 210 ## - ПУБЛИКАЦИЯ, РАСПРОСТРАНЕНИЕ И ДР. |
| Место издания, распространения и т.д. |
Санкт-Петербург |
| Имя издателя, распространителя и т. д. |
Рус. скоропеч. |
| -- |
Типо-литография И. Усманова |
| Дата издания, распространения и т.д. |
1907 |
| 215 ## - ФИЗИЧЕСКАЯ ХАРАКТЕРИСТИКА |
| Специфическое обозначение материала и объем |
[4], 247 с. |
| Другие сведения о физической характеристике |
ил., карт. |
| Размеры |
30 |
| 225 1# - СЕРИЯ |
| Основное заглавие серии |
Экспедиция для научно-промысловых исследований у берегов Мурмана |
| 300 ## - ОБЩИЕ ПРИМЕЧАНИЯ |
| Текст примечания |
Тит. л. и обл. на рус. и нем. яз. |
| 316 ## - ПРИМЕЧАНИЯ ОБ ОСОБЕННОСТЯХ ЭКЗЕМПЛЯРА |
| Текст примечания |
Экз. РНБ (38.27.2.58(8)): приплетено к: Смирнов Н. Экспедиция для научно-промысловых исследований у берегов Мурмана... Спб., 1903 |
| Организация и экземпляр, к которому относится поле |
NLR: 38.27.2.58(8) |
| 316 ## - ПРИМЕЧАНИЯ ОБ ОСОБЕННОСТЯХ ЭКЗЕМПЛЯРА |
| Текст примечания |
Экз. РНБ (136/643): с автогр. авт. |
| Организация и экземпляр, к которому относится поле |
NLR: 136/643 |
| 320 ## - ПРИМЕЧАНИЯ О НАЛИЧИИ В ДОКУМЕНТЕ БИБЛИОГРАФИИ / УКАЗАТЕЛЯ |
| Текст примечания |
Библиогр.: с. 240-245 |
| 482 #0 - ПРИПЛЕТЕНО К |
| Встроенное поле |
2001#$aЭкспедиция для научно-промысловых исследований у берегов Мурмана... |
| -- |
210##$aСанкт-Петербург$d1903 |
| -- |
700#1$3RU\NLR\AUTH\770132884$aСмирнов$bН. А.$cзоолог$f1878-1942$gНестор Александрович |
| -- |
71002$3RU\NLR\AUTH\8810184539$aМурманская научно-промысловая экспедиция$c1898-1908 |
| Заглавие |
Экспедиция для научно-промысловых исследований у берегов Мурмана... |
| Автор |
Мурманская научно-промысловая экспедиция (1898-1908) |
| 606 1# - НАИМЕНОВАНИЕ ТЕМЫ КАК ПРЕДМЕТ |
| Наименование темы |
Планктон |
| Географический подзаголовок |
Баренцево море |
| Системный номер авторитетной/нормативной записи |
1194620 |
| Идентификатор авторитетной/нормативной записи |
RU\NLR\AUTH\66164790 |
| 617 ## - ИЕРАРХИЧЕСКОЕ ГЕОГРАФИЧЕСКОЕ НАЗВАНИЕ, ИСПОЛЬЗУЕМОЕ КАК ПРЕДМЕТ |
| Другие географические объекты |
Северный Ледовитый океан |
| -- |
Баренцево море |
| 686 ## - ИНДЕКСЫ ДРУГИХ КЛАССИФИКАЦИЙ |
| Индекс |
Е082.31(912.1) |
| 700 #1 - ИМЯ ЛИЦА - ПЕРВИЧНАЯ ОТВЕТСТВЕННОСТЬ |
| Начальный элемент ввода |
Линко |
| Часть имени, кроме начального элемента ввода |
А.К. |
| Дополнения к именам, кроме дат |
зоолог |
| Даты |
1872-1912 |
| Расширение инициалов личного имени |
Александр Кельсиевич |
| Идентификатор авторитетной/нормативной записи |
RU\NLR\AUTH\770132895 |
| Системный номер авторитетной/нормативной записи |
132861 |
| 711 02 - НАИМЕНОВАНИЕ ОРГАНИЗАЦИИ - АЛЬТЕРНАТИВНАЯ ОТВЕТСТВЕННОСТЬ |
| Начальный элемент ввода |
Мурманская научно-промысловая экспедиция |
| Идентифицирующий признак |
1898-1908 |
| Идентификатор авторитетной/нормативной записи |
RU\NLR\AUTH\8810184539 |
| Системный номер авторитетной/нормативной записи |
865437 |
| 801 #0 - ИСТОЧНИК ЗАПИСИ |
| Страна |
Российская Федерация |
| Организация |
NLR |
| Правила каталогизации |
psbo |
| 801 #0 - ИСТОЧНИК ЗАПИСИ |
| Страна |
Российская Федерация |
| Организация |
RuMoRGB |
| Источник данных |
psbo |
| 801 #1 - ИСТОЧНИК ЗАПИСИ |
| Страна |
Российская Федерация |
| Организация |
ProSoft-M |
| Источник данных |
rusmarc |
| 801 #2 - ИСТОЧНИК ЗАПИСИ |
| Страна |
Российская Федерация |
| Организация |
NLR |
| Дата составления |
20140403 |
| Источник данных |
rusmarc |
| 852 ## - МЕСТОНАХОЖДЕНИЕ И ШИФР ХРАНЕНИЯ |
| Идентификатор организации |
NLR |
| Шифр хранения (Call Number) |
38.27.2.58(7, 8)(алл. 2) |
| 852 ## - МЕСТОНАХОЖДЕНИЕ И ШИФР ХРАНЕНИЯ |
| Идентификатор организации |
NLR |
| Шифр хранения (Call Number) |
136/643 |
| 899 ## - ДАННЫЕ О МЕСТОНАХОЖДЕНИИ (устаревшее) |
| Местонахождение |
RuMoRGB |
| Шифр хранения |
T 42/39 |
| 899 ## - ДАННЫЕ О МЕСТОНАХОЖДЕНИИ (устаревшее) |
| Местонахождение |
RuMoRGB |
| Шифр хранения |
T 36/320 |
| 899 ## - ДАННЫЕ О МЕСТОНАХОЖДЕНИИ (устаревшее) |
| Местонахождение |
БАН |
| 899 ## - ДАННЫЕ О МЕСТОНАХОЖДЕНИИ (устаревшее) |
| Местонахождение |
НБ СПбГУ |
| 899 ## - ДАННЫЕ О МЕСТОНАХОЖДЕНИИ (устаревшее) |
| Местонахождение |
НБ МГУ |
| 942 ## - ДОПОЛНИТЕЛЬНЫЕ ЭЛЕМЕНТЫ ЗАПИСИ (АБИС) |
| Тип экземпляра АБИС |
Книга |
| 980 ## - КОЛЛЕКЦИЯ |
| Название коллекции |
Национальная библиография |